000 00413nam a22001697a 4500
003 OSt
005 20211013111532.0
008 211013b |||||||| |||| 00| 0 eng d
020 _a0-7216-8806-3
040 _aDDC
_cHU
082 _22
_a611.018
_b2
100 _aGARTNER LESLIE P.
_913225
245 _aColor Textbook of Histology
250 _a2
260 _aSYDNEY
_bW.B.SAUNDERS
_c2001
942 _2ddc
_cBOOKS
_n0
999 _c12365
_d12365